000 00233nam a22001097a 4500
020 _a9781782354840
082 _a823
_bBOO
245 _aFairy Boo
260 _aUS:
_bMake believe ideas ltd;
_c2012.
563 _aHB
942 _2ddc
_cBK
999 _c614918
_d614918